Statystyki dla Największe miasta w Danii

Kliknij tutaj aby rozwiązać quiz!

Ogólne statystyki

  • Ten quiz został rozwiązany 161 razy
  • Średni wynik to 4 z 10

Statystyki odpowiedzi

Liczba ludnościMiasta% Poprawnych
602 000Kopenhaga
100%
176 000Odense
71%
602 000Aarhus
67%
113 000Aalborg
61%
72 000Esbjerg
25%
62 000Randers
19%
60 000Kolding
18%
113 000Frederiksberg
4%
68 000Gladsaxe
2%
75 000Charlottenlund
1%

Rozkład punktacji

Percentyl według liczby udzielonych odpowiedzi

Procent ludzi z każdym wynikiem

Twoja historia wyników

Nie rozwiązałeś tego quizu